Readings in real-tine systems /

Salvato in:
Dettagli Bibliografici
Autori principali: Krishna, C.M (Autore), Lee, Yann-Hang (Autore)
Natura: Libro
Lingua:inglese
Pubblicazione: Los Alamitos : Institute of Electrical and Electronics Engineers, 1992
Edizione:1.vyd.
Soggetti:
Tags: Aggiungi Tag
Nessun Tag, puoi essere il primo ad aggiungerne!!

MARC

LEADER 00000nam a22000003a 4500
001 stu8421
005 20150617225620.7
008 960115s1992----xxu-----------------eng-d
020 |a 0-8186-2997-5 
040 |a STU  |b slo 
041 0 |a eng 
044 |a xxu 
080 |a 681.32.014 
080 |a 519.687.5 
084 |a C6140  |2 INS 
084 |a C5420  |2 INS 
100 1 |a Krishna, C.M  |4 aut 
245 1 |a Readings in real-tine systems /  |c [aut.] Krishna,C.M.; Lee,Yann-Hang 
250 |a 1.vyd. 
260 |a Los Alamitos :  |b Institute of Electrical and Electronics Engineers,  |c 1992 
300 |a 239 s 
650 7 |a počítačové systémy  |2 stusub 
650 7 |a systémy pracujúce v reálnom čase  |2 stusub 
650 7 |a programovacie jazyky  |2 stusub 
700 1 |a Lee, Yann-Hang  |4 aut 
996 |c I*7PS4987  |l I  |s A  |a 24  |w stu8421_0001